| 000 | 00855cab a2200241 4500 | ||
|---|---|---|---|
| 001 | WB2937-05 | ||
| 008 | 090401t1993 xxu||||| |||| 00| 0 eng d | ||
| 035 | _a(Sirsi) u42515 | ||
| 041 | _aeng | ||
| 245 | _aPrice rises put jobs in red | ||
| 260 | _c1993 | ||
| 350 | _a0 | ||
| 490 |
_aContract Journal _v370(5944) 30 September 1993, 1(1) |
||
| 520 | _aA poll of construction companies shows that a large proportion will be seriously affected by increasing prices of building materials, and that margins are so thin and contract cover inadequate that many will sustain unavoidable losses. | ||
| 650 | _aCONSTRUCTION COMPANIES | ||
| 650 | _aCOSTS | ||
| 650 | _aPRICE RISES | ||
| 650 | _aPROJECT BUDGETS | ||
| 690 | _aBUILDING AND CONSTRUCTION-ECONOMICS | ||
| 690 | _aBUILT ENVIRONMENT-BUILDING MATERIALS | ||
| 942 | _n0 | ||
| 948 | _c04/03/1997 | ||
| 999 |
_c27223 _d27223 |
||